Rablás bűntettek viktimológiai vizsgálata Bács-Kiskun megyében 1977-1981
Elmentve itt :
| Szerző: | |
|---|---|
| További közreműködők: | |
| Dokumentumtípus: | Szakdolgozat |
| Megjelent: |
1982
|
| Tárgyszavak: | |
| Online Access: | http://diploma.bibl.u-szeged.hu/20437 |
| LEADER | 00590nta a2200157 i 4500 | ||
|---|---|---|---|
| 001 | dipl20437 | ||
| 005 | 20130314080121.0 | ||
| 008 | 111223s1982 hu om 0|| zxx d | ||
| 040 | |a SZTE Diploma Repozitórium |b hun | ||
| 041 | |a zxx | ||
| 100 | 1 | |a Várnai László | |
| 245 | 1 | 0 | |a Rablás bűntettek viktimológiai vizsgálata Bács-Kiskun megyében 1977-1981 |h [elektronikus dokumentum] / |c László Várnai |
| 260 | |c 1982 | ||
| 650 | 4 | |a Jogi és igazgatási tanulmányok | |
| 700 | 1 | |a nincs megadva |e ths | |
| 856 | 4 | 0 | |u http://diploma.bibl.u-szeged.hu/id/eprint/20437/1/1982_varnai_laszlo.pdf |z Dokumentum-elérés |